MARC

LEADER 00000nam0a2200000 4500
001 326231
005 20231102003836.0
035 |a (RuTPU)RU\TPU\book\351866 
035 |a RU\TPU\book\351865 
090 |a 326231 
100 |a 20161221d1979 k y0rusy50 ca 
101 0 |a rus 
102 |a RU 
105 |a y z 001zy 
200 1 |a Исследования по теории дифференцируемых функций многих переменных и ее приложениям  |e сборник работ  |h [Сб.] 7  |f Академия наук СССР (АН СССР), Математический институт им. В. А. Стеклова (МИАН) ; под ред. С. М. Никольского 
210 |a Москва  |c Наука  |d 1979 
215 |a 324 с. 
225 1 |a Труды Математического института им. В. А. Стеклова (МИАН)  |v Т. 150 
320 |a Библиогр. в конце ст. 
606 1 |a Функции многих переменных  |2 stltpush  |3 (RuTPU)RU\TPU\subj\17066  |9 42908 
610 1 |a дифференцируемые функции 
610 1 |a функциональные пространства 
610 1 |a теоремы вложения 
610 1 |a теоремы продолжения 
610 1 |a весовые пространства 
610 1 |a вложения 
610 1 |a компактность 
610 1 |a ограниченность 
610 1 |a интегральные представления 
610 1 |a кубатурные формулы 
610 1 |a погрешности 
610 1 |a эллиптические уравнения 
610 1 |a краевые задачи 
610 1 |a многогранники 
610 1 |a уравнения Лапласа 
610 1 |a уравнения Пуассона 
610 1 |a задача Дирихле 
610 1 |a дифференциальные операторы 
610 1 |a гипоэллиптичность 
675 |a 517.51  |v 4 
702 1 |a Никольский  |b С. М.  |g Сергей Михайлович  |4 340 
712 0 2 |a Академия наук СССР (АН СССР)  |b Математический институт им. В. А. Стеклова (МИАН)  |2 stltpush  |3 (RuTPU)RU\TPU\col\11336 
801 1 |a RU  |b 63413507  |c 20060930  |g PSBO 
801 2 |a RU  |b 63413507  |c 20171214  |g PSBO 
942 |c BK